000 00852nas a2200229 4500
001 BR0800648
003 BR-BrBNA
005 20231205111533.0
007 ta
008 230509b bl.|||p| |||| 00| 00por d
040 _aBR-BrBNA
_bpor
_cBiblioteca Nacional de Agricultura
041 _a(Pt); 2 tables; 10 ref.
072 _aL73; M01
100 1 _aSantos, C.A.M.L. dos
100 1 _aZogbi, E.P. do V.
245 1 _aIncidência de "Chloromyxum rosenbuschi", Gelormini (1943)no tecido intramuscular de merluza ( Merluccius hubbsi narini)fileteada nos estabelecimentos de pescado localizado s na cidade de Rio Grande, no Rio Grande do Sul
650 _aMERLUZA
650 _aINFECÇÃO
773 0 _tVeterinária (Brazil)
_x
_g1969, v. 22 (Special Number) p. 94-103
_wBR0800648
909 _a202311
_bLúcia
_c55
_dLúcia Elande
942 _2AGRIS
_n0
_cANA
999 _c193226
_d193226